| 000 | 00931nac a22002291u 4500 | ||
|---|---|---|---|
| 010 | _a 2004056504 | ||
| 020 | _a1402080034 | ||
| 082 | 0 | 0 |
_a620.5 _bY18 |
| 090 |
_c2484 _d2484 |
||
| 100 | _a20080729 | ||
| 245 | 0 | 0 |
_aHandbook of microscopy for nanotechnology / _cedited by Nan Yao, Zhong Lin Wang. |
| 260 |
_aBoston : _bKluwer Academic Publishers,2005 _c2005. |
||
| 300 |
_axx, 731 p. : _bill. ; _c24 cm. |
||
| 504 | _aIncludes bibliographical references and index. | ||
| 650 | 0 |
_aNanostructured materials _vHandbooks, manuals, etc. |
|
| 650 | 0 |
_aNanotechnology _vHandbooks, manuals, etc. |
|
| 700 | 1 | _aYao, Nan. | |
| 700 | 1 | _aWang, Zhong Lin. | |
| 856 | 4 | 2 |
_3Publisher description _uhttp://www.loc.gov/catdir/enhancements/fy0663/2004056504-d.html |
| 942 |
_cBB _k620.5Y18 |
||
| 999 |
_c2484 _d2484 |
||